Productivity measurment manual

Na minha lista:
Detalhes bibliográficos
Autor Corporativo: Asian Productivity organization
Formato: Livro
Idioma:Undetermined
Publicado em: Tokyo Asian Productivity organization 1969
Assuntos:
Tags: Adicionar Tag
Sem tags, seja o primeiro a adicionar uma tag!
Thư viện lưu trữ: Trung tâm Học liệu Trường Đại học Cần Thơ
LEADER 00567nam a2200205Ia 4500
001 CTU_94218
008 210402s9999 xx 000 0 und d
082 |a 658 
082 |b A832 
110 |a Asian Productivity organization 
245 0 |a Productivity measurment manual 
245 0 |c Asian Productivity organization 
260 |a Tokyo 
260 |b Asian Productivity organization 
260 |c 1969 
650 |a Industrial productivity 
650 |x History 
650 |z Japan 
904 |i Giang 
980 |a Trung tâm Học liệu Trường Đại học Cần Thơ